000 00558nam a22001817a 4500
005 20231205152549.0
010 _aENG-137379
020 _a9789380599274
_c300.00
035 _aEN-120911
037 _bDBAD/PUB
082 _a510
100 _aBandyopadhyay, Sitansu
_959525
245 _aMathematical Analysis:
_bProblems and Solutions/
_cBy Sitansu Bandyopadhyay
260 _aKolkata
_bAcademic Publishers
_c2011
270 _a5A, Bhawani Dutta Lane,
_bKolkata
_e700009
300 _a552p. ;
_c23cm (pbk)
942 _2ddc
_cEN
_h510
_mBAN
999 _c196844
_d196844